|
|
|
|
| LEADER |
00921nam a2200229 a 4500 |
| 001 |
2251136 |
| 003 |
BD-DhAAL |
| 008 |
091007s1977 mau b 000 0 eng d |
| 010 |
|
|
|a 77151651
|
| 040 |
|
|
|a DLC
|c DLC
|d DLC
|d BD-DhAAL
|
| 082 |
0 |
0 |
|a 370/.9678
|
| 100 |
1 |
|
|a Gillette, Arthur,
|d 1938-
|9 2711
|
| 245 |
1 |
0 |
|a Beyond the non-formal fashion :
|b towards educational revolution in Tanzania /
|c Arthur Lavery Gillette.
|
| 260 |
|
|
|a Amherst :
|b Center for International Education, University of Massachusetts,
|c c1977.
|
| 300 |
|
|
|a xii, 321 pages ;
|c 22 cm.
|
| 504 |
|
|
|a Includes Bibliography (p. 313-321.)
|
| 541 |
1 |
|
|e 00000927
|
| 650 |
|
0 |
|a Education
|z Tanzania.
|9 60325
|
| 852 |
4 |
|
|a Ayesha Abed Library
|j General shelf
|
| 942 |
|
|
|2 ddc
|c BK
|
| 999 |
|
|
|c 4401
|d 4401
|
| 952 |
|
|
|0 0
|1 0
|2 ddc
|4 0
|6 370_967800000000000_GIL_1977
|7 0
|8 NFIC
|9 4102
|a BRACUL
|b BRACUL
|c GEN
|d 2009-10-11
|g 470.00
|l 0
|o 370.9678 GIL
|p 3010000927
|r 2009-10-11
|t 1
|w 2009-10-11
|y BK
|